państwa świata-losowe konkurs szkolny - Statystyki

Ogólne statystyki
  • Ten quiz został rozwiązany 129 razy
  • Średni wynik to 23 z 30
Odpowiedzi na mapie
Odpowiedzi zakodowano w zielono-czerwonej skali na mapie do tego quizu, zgodnie z poniższymi procentami.
 
Statystyki odpowiedzi
odpowiedź % Poprawnych
Australia
100%
Bułgaria
100%
Czechy
100%
Estonia
100%
Grecja
100%
Japonia
100%
Korea Północna
100%
Litwa
100%
Łotwa
100%
Meksyk
100%
Niemcy
100%
Norwegia
100%
Polska
100%
Stany Zjednoczone
100%
Ukraina
100%
Węgry
100%
Włochy
100%
Rosja
95%
Brazylia
94%
Słowacja
94%
Chiny
93%
Francja
93%
Republika Południowej Afryki
93%
Korea Południowa
92%
Szwecja
92%
Turcja
92%
Hiszpania
91%
Kanada
91%
Wenezuela
91%
Wielka Brytania
91%
Rumunia
90%
Bośnia i Hercegowina
88%
Dania
88%
Iran
88%
Mołdawia
88%
Białoruś
87%
Irlandia
87%
Wietnam
87%
Finlandia
86%
Kenia
86%
Ghana
85%
Indie
85%
Kolumbia
85%
Niger
85%
Mongolia
84%
Demokratyczna Republika Konga
83%
Boliwia
82%
Peru
81%
Egipt
80%
Szwajcaria
80%
Libia
79%
Chile
78%
Holandia
78%
Indonezja
78%
Panama
78%
Czad
77%
Kongo
77%
Nowa Zelandia
77%
Portugalia
77%
Syria
76%
Argentyna
75%
Chorwacja
75%
Etiopia
75%
Nepal
75%
Pakistan
75%
Somalia
75%
Algieria
73%
Jemen
73%
Kuba
73%
Oman
73%
Serbia
73%
Słowenia
73%
Sudan południowy
73%
Maroko
72%
Afganistan
71%
Belgia
71%
Filipiny
71%
Kazachstan
71%
Arabia Saudyjska
70%
Islandia
70%
Madagaskar
70%
Albania
69%
Austria
69%
Bangladesz
69%
Ekwador
69%
Irak
69%
Kirgistan
69%
Kostaryka
69%
Paragwaj
69%
Turkmenistan
69%
Wybrzeże Kości Słoniowej
69%
Mali
67%
Nigeria
67%
Urugwaj
67%
Zambia
67%
Malezja
65%
Uganda
65%
Papua Nowa Gwinea
64%
Uzbekistan
64%
Zjednoczone Emiraty Arabskie
62%
Angola
60%
Mozambik
60%
Sudan
60%
Tanzania
60%
Tunezja
60%
Mauretania
57%
Tajlandia
57%
Kamerun
55%
Zimbabwe
53%
Azerbejdżan
52%
Burkina Faso
52%
Mjanma
50%
Gabon
47%
Laos
47%
Senegal
47%
Honduras
45%
Botswana
44%
Malawi
44%
Namibia
44%
Gwinea
40%
Tadżykistan
38%
Nie znaleziono quizów pasujących do podanych kryteriów
Rozkład punktacji
Procent ludzi z każdym wynikiem
Percentyl według liczby udzielonych odpowiedzi
Twoja historia wyników
Nie rozwiązałeś tego quizu